|
|
|
|
| LEADER |
00000nac a22000007a 4500 |
| 003 |
Ucuenca |
| 005 |
20230308224943.0 |
| 008 |
170418b sp ||||| |||| 00| 0 spa d |
| 999 |
|
|
|c 150888
|d 150888
|
| 020 |
|
|
|a 8420004774
|
| 040 |
|
|
|b spa
|a UCuenca-cdrjbv
|c UCuenca
|e rda
|
| 041 |
1 |
|
|a spa
|
| 082 |
0 |
|
|a 664.02
|
| 110 |
1 |
|
|a International Commission on Microbiological Specifications for Foods
|g ICMSF
|9 194587
|
| 245 |
|
|
|a Métodos de muestreo para análisis microbiológicos: principios y aplicaciones específicas
|c ICMSF
|
| 264 |
|
|
|a Zaragoza
|b Acribia
|c s.f.
|
| 300 |
|
|
|a xi, 215 páginas:
|c 24 cm
|
| 336 |
|
|
|2 rdacontent
|a texto
|b txt
|
| 337 |
|
|
|2 rdamedia
|a no mediado
|b n
|
| 338 |
|
|
|2 rdacarrier
|a volumen
|b nc
|
| 490 |
|
|
|a Microorganismos de los alimentos
|n tomo 2
|
| 504 |
|
|
|a incl. ref.
|
| 650 |
|
0 |
|9 96845
|a Microorganismos de los alimentos
|
| 650 |
|
0 |
|9 96844
|a Analisis microbiologico
|
| 942 |
|
|
|c CR
|2 ddc
|